000 00771nam a2200265Ia 4500
001 Para_6935
003 CHAP
008 220125s1981 xx 000 0 und d
010 _a205721
040 _cCHAP
082 _aPA 631.3 U5
100 _aUlloa Torres, Omar
_9116059
245 _aMaquinaria agrícola II :
_b apuntes de clase /
_c por Omar Ulloa Torres
260 _aChapingo, Méx. :
_b UACh. Departamento de Maquinaria Agrícola
300 _a333 p.
650 _aMaquinaria agrícola
_971151
710 _aUACh. Departamento de Maquinaria Agrícola
_9115876
901 _aPA 631.3 U5
902 _aA
905 _a0000001981 a 0000000000 00
910 _a1981
942 _cPARA
942 _cPARA
_d1
999 _c205721
_d205721